Normal view
MARC view
- Weiss, Gerhard
Entry Personal Name
001 - CONTROL NUMBER
- control field: 18475
003 - CONTROL NUMBER IDENTIFIER
- control field: NUST
005 - DATE AND TIME OF LATEST TRANSACTION
- control field: 20190725051018.0
008 - FIXED-LENGTH DATA ELEMENTS
- fixed length control field: 190725|| aca||aabn | a|a d
040 ## - CATALOGING SOURCE
- Original cataloging agency: NUST
- Transcribing agency: NUST
100 ## - HEADING--PERSONAL NAME
- Personal name: Weiss, Gerhard
670 ## - SOURCE DATA FOUND
- Source citation: Work cat.: (NUST): Weiss, Gerhard, Multiagent systems, 2013
